| 000 | 00000nam##2200000za#4500 |
| 001 | 9.545517 |
| 003 | CaOODSP |
| 005 | 20210615091357 |
| 007 | ta |
| 008 | 150406|2007||||xxc||||| f|0| 0 fre|d |
| 022 | |a0706-6457 |
| 040 | |aCaOODSP|bfre |
| 041 | |aeng |
| 041 | |afre |
| 043 | |an-cn--- |
| 086 | 1 |aFs97-6/2746 |
| 110 | 1 |aCanada. |bMinistère des pêches et des océans. |
| 245 | 10|aCompes [i.e. comptes] rendus du 33ième atelier annuel sur la toxicité aquatique, du 1 au 4 octobre 2006, Jasper, Alberta / |cÉditeurs: B. A. Munson ... [et al.] |
| 260 | |aSt. Andrews - Nouveau-Brunswick : |bPêches et Océans Canada |c2007. |
| 300 | |axiv, 114p. : |bindex ; |c28 cm. |
| 490 | 1 |aRapport technique canadien des sciences halieutiques et aquatiques|x0706-6457|v2746 |
| 500 | |a"Fisheries and Oceans Canada, St. Andrews Biological Station, St. Andrews, NB, E5B 2L9". |
| 520 | 3 |aCe rapport fait partie d’une série de rapports contenant des renseignements scientifiques et techniques qui constituent une contribution aux connaissances scientifiques actuelles, mais qui ne sont pas normalement appropriés pour la publication dans un journal scientifique. La recherche porte sur des sujets tels que les modèles d’écosystème, les méthodes de mise en valeur de l’aquaculture, le matériel de pêche commerciale, et les menaces environnementales à la qualité des milieux aquatiques et des ressources halieutiques. Comprend des tableaux, des figures et des graphiques. |
| 546 | |aEn anglais avec préface et remarques des éditeurs en français. |
| 563 | |aCouverture souple |
| 590 | |a07-51|b2007-12-28 |
| 691 | 07|aCongrès|2gcpds |
| 691 | 07|aÉcosystème aquatique|2gcpds |
| 691 | 07|aPêcheries|2gcpds |
| 720 | 1 |aMunson, B. A. |
| 776 | 0#|tProceedings of the 33rd annual Aquatic Toxicity Workshop, October 1 to 4, 2006, Jasper, Alberta : |w(CaOODSP)9.588187 |
| 791 | |tProceedings of the 33rd annual Aquatic Toxicity Workship, October 1 to 4, 2006, Jasper, Alberta / |eeng|w(CaOODSP)9.545516 |
| 830 | #0|aRapport technique canadien des sciences halieutiques et aquatiques,|x0706-6457|v2746|w(CaOODSP)9.514690 |